La Revolución Bolchevique (1917-1923) / (Record no. 39956)

MARC details
000 -LEADER
campo de control de longitud fija 00804nam a2200205 i 4500
001 - NÚMERO DE CONTROL
campo de control 39956
003 - IDENTIFICADOR DE NÚMERO DE CONTROL
campo de control ES-MaACL
005 - FECHA Y HORA DE LA ÚLTIMA TRANSACCIÓN
campo de control 20250707203845.0
007 - CAMPO FIJO DE DESCRIPCIÓN FÍSICA--INFORMACIÓN GENERAL
campo de control de longitud fija t|
008 - DATOS DE LONGITUD FIJA--INFORMACIÓN GENERAL
campo de control de longitud fija 030304m19731974sp |||| | spa d
100 0# - ENTRADA PRINCIPAL--NOMBRE DE PERSONA
Nombre de persona Carr, Edward Hallett,
Fechas asociadas al nombre 1892-1982
9 (RLIN) 35467
245 13 - MENCIÓN DEL TÍTULO
Título La Revolución Bolchevique (1917-1923) /
Mención de responsabilidad, etc. E.H. Carr ; [versión de Soledad Ortega].
260 ## - PUBLICACIÓN, DISTRIBUCIÓN, ETC.
Lugar de publicación, distribución, etc. Madrid :
Nombre del editor, distribuidor, etc. Alianza Editorial,
Fecha de publicación, distribución, etc. [1973-1974]
300 ## - DESCRIPCIÓN FÍSICA
Extensión 3 v. ;
Dimensiones 20 cm.
505 8# - NOTA DE CONTENIDO CON FORMATO
Nota de contenido con formato Contiene: 1 ;
Título La conquista y organización del poder (470 p.) - 2 ;
-- El orden económico (427 p.) - 3 ;
-- La Rusia soviética y el mundo (618 p.)
651 #4 - PUNTO DE ACCESO ADICIONAL DE MATERIA--NOMBRE GEOGRÁFICO
Nombre geográfico Rusia-
Subdivisión general Historia-
Subdivisión cronológica 1917-1921, Revolución.
9 (RLIN) 9336
700 1# - ENTRADA AGREGADA--NOMBRE PERSONAL
Nombre de persona Ortega, Soledad,
Fechas asociadas al nombre 1914-2007
9 (RLIN) 87431
852 ## - LOCALIZACIÓN
Ubicación ES-MaACL
Número de control de estantería E-8005-07
Holdings
Estatus retirado Estado de pérdida Estado de daño No para préstamo Biblioteca de origen Biblioteca actual Ubicación en estantería Fecha de adquisición Fuente de adquisición Total de préstamos Signatura topográfica completa Código de barras Visto por última vez Precio de reemplazo Tipo de ítem Koha
        Biblioteca del Ateneo de Madrid Biblioteca del Ateneo de Madrid Depósito 2 17/01/2008     E-8005-07 1042072 23/02/2023 23/02/2023 Libro impreso